000 00214 a2200097 4500
001 47791
100 _aRussell B
245 _aThe scientific out look
260 _aLondon
_bGeorge Allen
_c
090 _c30793
_d30793
942 _aNUST-CAE
_cM
_c23106
999 _c282864
_d282864